000 00522nam a2200205Ia 4500
008 160319s9999 xx 000 0 und d
020 _a971-08-6645-1
050 _aFIL LB 1025.3
050 _b.Z85 2012
100 _aZulueta, Francisco M.
245 _aPrinciples and methods of teaching /
245 _cFrancisco M. Zulueta.
260 _aMandaluyong:
260 _bNational Book Store,
260 _c2012
300 _a391 pages :
300 _billustrations ;
300 _c22 cm.
650 _aTeaching.
999 _c291650
_d291650